Sử dụng AutoCAD 14 phần 2D - Windows 95, 98 và NT; T2

Sách giới thiệu các lệnh vẽ, lệnh chỉnh hiệu nâng cao và các tiện ích khi sử dụng AutoCAD để vẽ và thiết kế các bản vẽ xây dựng, cơ khí, kiến trúc, bản đồ, sơ đồ... Ngoài ra, cuối sách còn có hai phụ lục dùng để tra cứu lệnh và bảng go...

ver descrição completa

Na minha lista:
Detalhes bibliográficos
Autor principal: Nguyễn Hữu Lộc
Formato: Livro
Idioma:Undetermined
Publicado em: Tp. HCM Nxb. Tp. HCM 1998
Assuntos:
Tags: Adicionar Tag
Sem tags, seja o primeiro a adicionar uma tag!
Thư viện lưu trữ: Trung tâm Học liệu Trường Đại học Cần Thơ
LEADER 00988nam a2200181Ia 4500
001 CTU_27907
008 210402s9999 xx 000 0 und d
082 |a 620.00420285 
082 |b L451/T2 
100 |a Nguyễn Hữu Lộc 
245 0 |a Sử dụng AutoCAD 14 phần 2D - Windows 95, 98 và NT; T2 
245 0 |c Nguyễn Hữu Lộc 
260 |a Tp. HCM 
260 |b Nxb. Tp. HCM 
260 |c 1998 
520 |a Sách giới thiệu các lệnh vẽ, lệnh chỉnh hiệu nâng cao và các tiện ích khi sử dụng AutoCAD để vẽ và thiết kế các bản vẽ xây dựng, cơ khí, kiến trúc, bản đồ, sơ đồ... Ngoài ra, cuối sách còn có hai phụ lục dùng để tra cứu lệnh và bảng gọi lệnh cho tất cá các lệnh của AutoCAD 14 
650 |a cad ( computer system ),computer-aided design 
980 |a Trung tâm Học liệu Trường Đại học Cần Thơ